LEADER 01491nam 2200445 450 001 990000686700203316 035 $a0068670 035 $aUSA010068670 035 $a(ALEPH)000068670USA01 035 $a0068670 100 $a20011015d1983----km-y0itay0103----ba 101 $aita 102 $aIT 105 $a||||||||001yy 200 1 $a<> spiegazione del comportamento sociale$fR. Harré. P.F. Secord$g[traduzione di Silvia Rimembri] 210 $aBologna$cIl mulino$d1983 215 $a419 p.$d19 cm 225 2 $aUniversale paperback il mulino$v67 312 $aThe explanation of social behaviour 410 $12001$aUniversale paperbacks Il mulino$v348 454 $12001$aThe explanation of social behaviour$935942 606 0 $aComportamento sociale$xSaggi 676 $a301.44 700 1$aHARRÉ,$bRom$0375547 701 1$aSECORD,$bPaul F.$0126823 801 0$aIT$bsalbc$gISBD 912 $a990000686700203316 951 $aVARIE COLL. 179/67 A$b94141 LM$cVARIE COLL. 959 $aBK 969 $aUMA 979 $aPATTY$b90$c20011015$lUSA01$h2258 979 $c20020403$lUSA01$h1718 979 $aPATRY$b90$c20040406$lUSA01$h1647 979 $aCHIARA$b90$c20071128$lUSA01$h1105 979 $aCHIARA$b90$c20071128$lUSA01$h1105 979 $aFIORELLA$b90$c20081203$lUSA01$h1155 979 $aCHIARA$b90$c20100917$lUSA01$h1359 979 $aCHIARA$b90$c20100917$lUSA01$h1408 996 $aThe explanation of social behaviour$935942 997 $aUNISA LEADER 02967 am 2200709 n 450 001 9910768393103321 005 20230207 010 $a2-7297-1400-6 024 7 $a10.4000/books.pul.49382 035 $a(CKB)5670000000616853 035 $a(FrMaCLE)OB-pul-49382 035 $a(PPN)268465754 035 $a(EXLCZ)995670000000616853 100 $a20230223j|||||||| ||| 0 101 0 $afre 135 $auu||||||m|||| 200 10$aEsclavage, religions et politique en Haïti /$fLaënnec Hurbon 210 $aLyon $cPresses universitaires de Lyon$d2023 215 $a1 online resource (256 p.) 311 $a2-7297-1399-9 330 $aPlus de deux siècles après la proclamation de la République, fruit de l?une des premières révoltes modernes d?esclaves, Haïti présente un système social singulier au sein de la Caraïbe. Issue d?une histoire violente, ponctuée de crises allant du traumatisme de la traite atlantique au catastrophique séisme de janvier 2010, la société haïtienne est caractérisée par la créolisation du religieux et des représentations symboliques. Histoire, religion et politique entretiennent une relation triangulaire mêlant rapport des politiques mémorielles à l?histoire, intervention des phénomènes religieux ? vodou et christianismes ?, dans la construction de la société et attitude ambiguë des pouvoirs face au sacré. Cet ouvrage, recueil d?articles publiés au cours des vingt dernières années, propose un large panorama des rapports sociaux en Haïti, inscrits dans le temps long et au c?ur de l?espace caribéen : il éclaire sur les liens entre les pratiques religieuses traditionnelles ou importées et l?histoire coloniale, sur l?art et les symboles, sur la place des femmes et sur la corruption et la violence consubstantielles aux régimes politiques successifs. 606 $aSociology 606 $aHaïti 606 $aCaraïbes 606 $aesclavage 606 $avodou 606 $avaudou 606 $adémocratie 606 $areligion 606 $arévolution 606 $aséisme 606 $apolitique 606 $aanthropologie 606 $aidentité 606 $asociologie 606 $acréolisation 606 $aHégel 606 $aHobbes 615 4$aSociology 615 4$aHaïti 615 4$aCaraïbes 615 4$aesclavage 615 4$avodou 615 4$avaudou 615 4$adémocratie 615 4$areligion 615 4$arévolution 615 4$aséisme 615 4$apolitique 615 4$aanthropologie 615 4$aidentité 615 4$asociologie 615 4$acréolisation 615 4$aHégel 615 4$aHobbes 700 $aHurbon$b Laënnec$0776384 701 $aMartin$b Philippe$0200316 801 0$bFR-FrMaCLE 906 $aBOOK 912 $a9910768393103321 996 $aEsclavage, religions et politique en Haïti$93657191 997 $aUNINA LEADER 03322nam 2200517 450 001 9910787413103321 005 20230119005630.0 010 $a1-925210-34-0 035 $a(CKB)3710000000358962 035 $a(EBL)1963357 035 $a(MiAaPQ)EBC1963357 035 $a(Au-PeEL)EBL1963357 035 $a(OCoLC)904209884 035 $a(EXLCZ)993710000000358962 100 $a20220519d2014 uy 0 101 0 $aeng 135 $aur|n|---||||| 181 $ctxt$2rdacontent 182 $cc$2rdamedia 183 $acr$2rdacarrier 200 14$aThe Nick Enright songbook /$fNick Enright, Peter Wyllie Johnston and Terence Clarke 210 1$aNew South Wales, Australia :$cCurrency Press,$d[2014] 210 4$d©2014 215 $a1 online resource (494 p.) 300 $aDescription based upon print version of record. 311 $a1-925005-17-8 320 $aIncludes bibliographical references. 327 $aCover; Title Page; About The Musicals; Nick Enright: An Appreciation, by Peter Wyllie Johnston; Jindyworoback; The Venetian Twins (1979); Never Cross a Man Like Me; A Little Mate; Hiss the Villain; Except; Better Dead Than Wed; What Have I to Sing About? (Kath's Song); On the Wallaby (1980); Strike Me Lucky; G'day; Buckley's! (1981); I Survive; Buckley's Chance; My Act; Nothing Temporary; South America; Variations; Variations (1982); If I Don't Have You; Welcome to the Palace; Changing Places; Next Time Round; In Solitude; Summer Rain; Summer Rain (1983); The Casuarina Tree 327 $aThe Word on the WindNothin' Doin'; Abracadabra Man; Nine Day Wonder; Love Has Lousy Timing; Once in a Blue Moon; Strange Harvest; Orlando Rourke (1985); Son of Nature; Home; Keep Looking; The Ballad of Eulalia Horne (She Rose Above It); New Day Dawning; Look to the Moon; The Betrothed (1993); Sextet; I'll Hold On; Miracle City (1996); Open up Today; Raise the Roof; I'm In Your Hands; Benediction; Lovers' Lane; Mary Bryant (1996); Poor Man's Lullaby; Never Say Die; Your Name is on My Heart; Sail Away (solo version); Sail Away (four part version); Suivons La Valse; The Good Fight (2002) 327 $aThe Father I DreamSydney Won't Let Go; Cabaret (1998); Acknowledgements; Biographies; Also Available from Currency; Copyright Page 330 $aThe Nick Enright Songbook brings together fifty of the best songs from ten musicals for which Enright wrote the lyrics; and the music of five gifted composers-Terence Clarke, Glenn Henrich, Alan John, David King and Max Lambert. The book includes songs from The Venetian Twins, Variations, Summer Rain, Buckley's!, Orlando Rourke, The Betrothed, Mary Bryant, The Good Fight, Miracle City and On the Wallaby. Across this work, Enright's characteristic use of Australian imagery and language shine brightly, intertwined with the themes of resilience, lost love and religion that are familiar in his wor 606 $aSongs 606 $aSongbooks 615 0$aSongs. 615 0$aSongbooks. 676 $a781.59903 700 $aEnright$b Nicholas$f1950-2003,$01488627 702 $aWyllie Johnston$b Peter 702 $aClarke$b Terence 801 0$bMiAaPQ 801 1$bMiAaPQ 801 2$bMiAaPQ 906 $aBOOK 912 $a9910787413103321 996 $aThe Nick Enright songbook$93708907 997 $aUNINA